00735nam a2200241Ia 4500003000900000008004100009040001300050040001300063041000800076100002000084245006600104250001200170260002100182260000900203300001100212300000900223300001200232490002200244490000600266942000700272999001700279952019700296IT-RoPAU120407s9999 xx 000 0 und d aIT-RoPAU cIT-RoPAU aita aBeppe Del Colle aOlga e Gorbaciov. 1.000 anni di cristianesimo in Russia 2a ed aMilano  aEdizioni Paoline c1988 a294 p. bill. c21,4 cm a Pagine di storia v1 cBK c31716d31716 00102ddc406908_10100000000000071aPAULUSbPAULUSd2012-04-11l0o908.101r2012-04-11 00:00:00w2012-04-11yBKzInserito da: Mario In data: 06 agosto 2011 fondo: Via A.Severo 56 Progr:27712